Normal view
MARC view
- Richard A. Brealey and Stewart C. Myers
Entry Personal Name
001 - CONTROL NUMBER
- control field: 109894
003 - CONTROL NUMBER IDENTIFIER
- control field: NUST
005 - DATE AND TIME OF LATEST TRANSACTION
- control field: 20230306145551.0
008 - FIXED-LENGTH DATA ELEMENTS
- fixed length control field: 230306|| aca||aabn | a|a d
040 ## - CATALOGING SOURCE
- Original cataloging agency: NUST
- Transcribing agency: NUST
100 ## - HEADING--PERSONAL NAME
- Personal name: Richard A. Brealey and Stewart C. Myers
670 ## - SOURCE DATA FOUND
- Source citation: Work cat.: (NUST)194130: Richard A. Brealey and Stewart C. Myers, Fundamental of Corporate Finance , 1999
